|
|
|
|
| LEADER |
01152nam a2200265 a 4500 |
| 001 |
13736000 |
| 008 |
090601s2006 maua b 001 0 eng d |
| 010 |
|
|
|a 2004114380
|
| 020 |
|
|
|a 0618507256 (hbk.)
|
| 040 |
|
|
|a DLC
|c DLC
|
| 082 |
|
|
|2 22
|a 658.02/2
|
| 999 |
|
|
|c 1219
|d 1219
|
| 999 |
|
|
|c 1219
|
| 100 |
1 |
|
|a Hatten, Timothy S.
|9 1395
|
| 245 |
1 |
0 |
|a Small business management :
|b entrepreneurship and beyond /
|c Timothy S. Hatten.
|
| 250 |
|
|
|a 3rd ed.
|
| 260 |
|
|
|a Boston :
|b Houghton Mifflin Co.,
|c c2006.
|
| 300 |
|
|
|a xxi, 611 p. :
|b col. ill. ;
|c 27 cm.
|
| 504 |
|
|
|a Includes bibliographical references (p. 585-592) and index.
|
| 541 |
1 |
|
|e 00014773
|
| 650 |
|
0 |
|a Small business
|x Management.
|9 1396
|
| 852 |
4 |
|
|a Ayesha Abed Library
|j General Shelf.
|
| 942 |
|
|
|2 ddc
|c BK
|
| 952 |
|
|
|0 0
|1 0
|2 ddc
|4 0
|6 658_022000000000000_HAT
|7 0
|9 1105
|a BRACUL
|b BRACUL
|c GEN
|d 2009-06-25
|g 0.00
|l 4
|m 19
|o 658.022 HAT
|p 3010014773
|r 2025-11-11
|s 2025-11-11
|t 1
|w 2009-06-25
|y BK
|x No price found in the accession register.
|
| 952 |
|
|
|0 0
|1 0
|2 ddc
|4 0
|6 658_022000000000000_HAT
|7 0
|9 18077
|a BRACUL
|b BRACUL
|c GEN
|d 2011-09-18
|l 4
|m 28
|o 658.022 HAT
|p 3010014774
|r 2025-05-12
|s 2025-05-05
|t 2
|w 2011-09-18
|y BK
|